000
00250nam a2200109Ia 4500
005
20251222113744.0
008
251222s1900||||xx |||||||||||||| ||spa||
082
_a
DVD0070/F36A/1954
245
0
_a
La strada
264
_b
Zima Entertainment,
942
_c
DVD
999
_c
719
_d
719